| 000 | 01305cam a22003617a 4500 | ||
|---|---|---|---|
| 003 | CHAP | ||
| 005 | 20220329142755.0 | ||
| 008 | 030827d1990 mx r 00110 spa d | ||
| 010 | _a87605 | ||
| 011 | _a88577 | ||
| 035 | _a99122 | ||
| 040 | _cCHAP | ||
| 090 | _aTesis | ||
| 100 | 0 | 0 |
_aJiménez Aguado, Ubaldo Candelario. _961442 |
| 245 | 1 | 0 |
_aPropuesta para desarrollo de la ganadería bovina en el trópico humedo oaxaqueño _c/por Ubaldo Candelario Jiménez Aguado |
| 260 |
_aChapingo, Méx. : _bEl autor, _c1990. |
||
| 300 |
_a56 h. : _bilus. |
||
| 502 | _aTesis (Ing. Agr. Esp. en Zootecnia) -- UACH. Departamento de Zootecnia | ||
| 590 |
_aALEPH _b10 _c20130110 _lUCH01 _h1455 |
||
| 590 |
_aBATCH-UPD _b10 _c20130110 _lUCH01 _h1312 |
||
| 590 |
_aBATCH-UPD _b10 _c20130410 _lUCH01 _h0825 |
||
| 590 |
_aBATCH-UPD _b10 _c20130914 _lUCH01 _h1525 |
||
| 590 |
_aCONVERSION _b10 _c20130109 _lUCH01 _h1349 |
||
| 650 | 1 | 4 |
_aGanado vacuno _xAlimentación. _945429 |
| 650 | 1 | 4 |
_aGanado vacuno _xOaxaca. _945499 |
| 650 | 1 | 4 |
_aGanado vacuno _xProducción. _945506 |
| 650 | 1 | 4 |
_aGanado vacuno _xTrópicos. _945522 |
| 901 | _aBK | ||
| 905 | _aAlejandra Carrasco M. | ||
| 942 | _cFOLL | ||
| 949 |
_aTesis _bBC _cTES _d33724000898037 _eTS2 _fc.2 _h41304 _i99122 _sb |
||
| 949 |
_aTesis _bBC _cTES _d991221 _eTS1 _h41303 _i99122 _sb |
||
| 999 |
_c87605 _d87605 |
||